The lost city of Z : (Record no. 2497)
[ view plain ]
| 000 -LEADER | |
|---|---|
| fixed length control field | 02294cam a2200385 a 4500 |
| 001 - CONTROL NUMBER | |
| control field | 2497 |
| 003 - CONTROL NUMBER IDENTIFIER | |
| control field | FISKHææ |
| 005 - DATE AND TIME OF LATEST TRANSACTION | |
| control field | 20250319104753.0 |
| 008 - FIXED-LENGTH DATA ELEMENTS--GENERAL INFORMATION | |
| fixed length control field | 080416s2009 nyuabf b 001 0deng |
| 010 ## - LIBRARY OF CONGRESS CONTROL NUMBER | |
| LC control number | 2008017432 |
| 020 ## - INTERNATIONAL STANDARD BOOK NUMBER | |
| International Standard Book Number | 9780385513531 |
| 022 ## - INTERNATIONAL STANDARD SERIAL NUMBER | |
| Source | 9781400078455 |
| 040 ## - CATALOGING SOURCE | |
| Original cataloging agency | DLC |
| Transcribing agency | DLC |
| Modifying agency | DLC |
| Language of cataloging | eng |
| 043 ## - GEOGRAPHIC AREA CODE | |
| Geographic area code | sa----- |
| 050 00 - LIBRARY OF CONGRESS CALL NUMBER | |
| Classification number | F2546 |
| Item number | .G747 2009 |
| 082 00 - DEWEY DECIMAL CLASSIFICATION NUMBER | |
| Classification number | 918.1/1046 |
| Edition number | 22 |
| 100 1# - MAIN ENTRY--PERSONAL NAME | |
| Personal name | Grann, David |
| 245 14 - TITLE STATEMENT | |
| Title | The lost city of Z : |
| Remainder of title | a tale of deadly obsession in the Amazon / |
| Statement of responsibility, etc. | David Grann. |
| 250 ## - EDITION STATEMENT | |
| Edition statement | FIRST VINTAGE DEPARTURES EDITION, JANUARY 2010 |
| 260 ## - PUBLICATION, DISTRIBUTION, ETC. | |
| Place of publication, distribution, etc. | New York : |
| Name of publisher, distributor, etc. | Vintage Books, |
| Date of publication, distribution, etc. | 2009 |
| 300 ## - PHYSICAL DESCRIPTION | |
| Extent | 400 pages : |
| Other physical details | illustrations ; |
| Dimensions | 25 cm |
| 500 ## - GENERAL NOTE | |
| General note | Maps on lining papers. |
| 504 ## - BIBLIOGRAPHY, ETC. NOTE | |
| Bibliography, etc. note | Includes bibliographical references (p. 315-326) and index. |
| 505 0# - FORMATTED CONTENTS NOTE | |
| Formatted contents note | Z |
| 520 ## - SUMMARY, ETC. | |
| Summary, etc. | After stumbling upon a hidden trove of diaries, New Yorker writer David Grann set out to solve "the greatest exploration mystery of the twentieth century": what happened to British explorer Percy Fawcett. In 1925 Fawcett ventured into the Amazon to find an ancient civilization. For centuries Europeans believed the world's largest jungle concealed the glittering El Dorado. Thousands had died looking for it, leaving many convinced that the Amazon was truly inimical to humankind. But Fawcett had spent years building his scientific case. Captivating the imagination of millions, he embarked with his 21-year-old son, determined to prove that this ancient civilization--which he dubbed "Z"--existed. Then he and his expedition vanished. Fawcett's fate--and the clues he left behind--became an obsession for hundreds who followed him. As Grann delved deeper into Fawcett's mystery, and the greater mystery of the Amazon, he found himself irresistibly drawn into the "green hell." |
| 521 8# - TARGET AUDIENCE NOTE | |
| Target audience note | 1000 |
| Source | Lexile estimate |
| 521 8# - TARGET AUDIENCE NOTE | |
| Target audience note | Z |
| Source | Raz-Plus |
| 650 #0 - SUBJECT ADDED ENTRY--TOPICAL TERM | |
| Topical term or geographic name entry element | El Dorado. |
| 650 #0 - SUBJECT ADDED ENTRY--TOPICAL TERM | |
| Topical term or geographic name entry element | Explorers |
| Geographic subdivision | Amazon River Region. |
| 651 #0 - SUBJECT ADDED ENTRY--GEOGRAPHIC NAME | |
| Geographic name | Amazon River Region |
| General subdivision | Description and travel. |
| 856 41 - ELECTRONIC LOCATION AND ACCESS | |
| Materials specified | Table of contents only |
| Uniform Resource Identifier | <a href="http://www.loc.gov/catdir/toc/ecip0816/2008017432.html">http://www.loc.gov/catdir/toc/ecip0816/2008017432.html</a> |
| 906 ## - LOCAL DATA ELEMENT F, LDF (RLIN) | |
| a | 7 |
| b | cbc |
| c | orignew |
| d | 1 |
| e | ecip |
| f | 20 |
| g | y-gencatlg |
| 942 ## - ADDED ENTRY ELEMENTS (KOHA) | |
| Source of classification or shelving scheme | Dewey Decimal Classification |
| Koha item type | Books |
| Suppress in OPAC | No |
| Withdrawn status | Lost status | Source of classification or shelving scheme | Damaged status | Not for loan | Collection | Home library | Current library | Shelving location | Date acquired | Total Checkouts | Full call number | Barcode | Date last seen | Date last checked out | Price effective from | Koha item type |
|---|---|---|---|---|---|---|---|---|---|---|---|---|---|---|---|---|
| Dewey Decimal Classification | Non-Fiction | Footprints International School Library Network Toul Tom Poung Campus | Footprints International School Library Network Toul Tom Poung Campus | TTP Secondary Non-Fiction Bookshelves | 12/12/2023 | 3 | GRA 918.1/1046 F2546 | FISSE03218 | 12/17/2025 | 10/22/2025 | 12/12/2023 | Books |
